[Event "49th NED-ch"]
[Site "Eindhoven NED"]
[Date "1993.06.08"]
[Round "3"]
[White "Nijboer, Friso"]
[Black "Hoeksema, Hendrik Pieter"]
[Result "1-0"]
[WhiteElo "2505"]
[BlackElo "2405"]
[EventDate "1993.06.06"]
[PlyCount "39"]

1.e4 e6 2.d4 d5 3.Nc3 Bb4 4.e5 c5 5.a3 Bxc3+ 6.bxc3 Nc6 7.Nf3 f6 8.Bb5 Ne7
9.O-O Qa5 10.c4 a6 11.Bd2 Qc7 12.cxd5 axb5 13.d6 Qd7 14.dxe7 cxd4 15.Bb4 
fxe5 16.Re1 Qd5 17.Ng5 h5 18.Qd3 Rh6 19.Ne4 Nxb4 20.Qg3 1-0

[Event "49th NED-ch"]
[Site "Eindhoven NED"]
[Date "1993.06.10"]
[Round "4"]
[White "Hoeksema, Hendrik Pieter"]
[Black "Riemersma, Liafbern"]
[Result "1/2-1/2"]
[WhiteElo "2405"]
[BlackElo "2415"]
[EventDate "1993.06.06"]
[PlyCount "35"]

1.d4 Nf6 2.c4 c5 3.d5 b5 4.cxb5 a6 5.e3 axb5 6.Bxb5 Qa5+ 7.Nc3 Bb7 8.e4 
Nxe4 9.Ne2 Nxc3 10.Nxc3 g6 11.O-O Bg7 12.Qe2 Ba6 13.Bg5 O-O 14.Bxa6 Nxa6 
15.Qxe7 Nb4 16.Qxd7 h6 17.Bh4 Ra7 18.Qb5 1/2-1/2

[Event "49th NED-ch"]
[Site "Eindhoven NED"]
[Date "1993.06.14"]
[Round "7"]
[White "Van Mil, Johannes"]
[Black "Ree, Hans"]
[Result "0-1"]
[WhiteElo "2435"]
[BlackElo "2445"]
[EventDate "1993.06.06"]
[PlyCount "72"]

1.e4 e6 2.d4 d5 3.Nc3 Nf6 4.Bg5 Be7 5.e5 Ng8 6.Be3 b6 7.Nh3 Qd7 8.Nf4 g6 
9.h4 h5 10.Bd3 Bb7 11.Qf3 Bb4 12.Ne2 Ba6 13.Bxa6 Nxa6 14.O-O-O O-O-O 15.
Kb1 Rf8 16.Bf4 Nh6 17.Qd3 Kb7 18.g3 Nf5 19.Ka1 Be7 20.a3 Rc8 21.b4 c6 22.
Rb1 Nc7 23.a4 Ka8 24.Rb2 c5 25.dxc5 bxc5 26.b5 c4 27.Qf3 Ba3 28.Ra2 Bc5 
29.Rd1 Rb8 30.Bg5 Rb7 31.Qf4 Rc8 32.Qxc4 Nxb5 33.Qd3 Nxc3 34.Qxc3 Bd4 35.
Qxd4 Nxd4 36.Nxd4 Qc7 0-1